000 00282nam a22001337a 4500
008 170824b xxu||||| |||| 00| 0 eng d
020 _a9780201750379
041 _aeng
080 _a51
100 _a38
101 _aMAT
245 _aCOLLEGE ALGEBRA
_cPENNA.B
942 _2udc
_cBK
999 _c24860
_d24860